MFN tariffs and value of imports of rubber and rubber products under the WTO regime (Record no. 44285)

MARC details
000 -LEADER
fixed length control field 00411nam a2200133Ia 4500
020 ## - INTERNATIONAL STANDARD BOOK NUMBER
ISBN 9788187439202
082 ## - DEWEY DECIMAL CLASSIFICATION NUMBER
Classification number NR:339
Item number JOS
100 ## - MAIN ENTRY--AUTHOR NAME
Personal name George
245 #0 - TITLE STATEMENT
Title MFN tariffs and value of imports of rubber and rubber products under the WTO regime
260 ## - PUBLICATION, DISTRIBUTION, ETC. (IMPRINT)
Place of publication Kottayam
Name of publisher Rubber Research Institute of India
Year of publication 2006
700 ## - ADDED ENTRY--PERSONAL NAME
Personal name Jacob, Joseph, K T
942 ## - ADDED ENTRY ELEMENTS (KOHA)
Koha item type Reference
Holdings
Withdrawn status Lost status Damaged status Not for loan Home library Current library Date acquired Source of acquisition Full call number Accession Number Koha item type
        RRII Library RRII Library 16/12/2021 Gift NR:339 JOS G01032 Books